| 000 | 00681nam a2200181Ia 4500 | ||
|---|---|---|---|
| 005 | 20260429112245.0 | ||
| 008 | 260429s9999||||xx |||||||||||||| ||und|| | ||
| 020 | _a9788180316487 | ||
| 041 | _aHindi | ||
| 082 |
_a294.5922 _bSIN |
||
| 100 | _aसिंह, योगेन्द्र प्रताप | ||
| 245 | 0 |
_aगोस्वामी तुलसीदास कृत श्रीरामचरितमानस / _cयोगेन्द्र प्रताप सिंह |
|
| 250 | _a3rd ed. | ||
| 260 |
_aप्रयागराज : _bलोकभारती प्रकाशन, _c2023. |
||
| 300 | _a986 p,; Hb | ||
| 650 | _aReligion | ||
| 942 | _cTB | ||
| 999 |
_c53162 _d53162 |
||